Strieborná ekonomika ako nová výzva do budúcnosti pre Slovensko

Demografický vývoj a starnutie populácie na Slovensku. Seniori a potenciál striebornej ekonomiky v Slovenskej republike. Atraktívne výzvy pre investorov, ktoré by zvyšovali kvalitu života striebornej generácie a celej spoločnosti.

Salvato in:
Dettagli Bibliografici
Autore principale: Setnická, Ivana
Altri autori: Szüdi, Jaroslava
Natura: Capitolo di libro
Lingua:slovacco
Soggetti:
Tags: Aggiungi Tag
Nessun Tag, puoi essere il primo ad aggiungerne!!

MARC

LEADER 00000naa$a2200000$$$4500
001 0225373
005 20240502083601.7
041 0 |a slo 
044 |a CZ 
245 1 0 |a Strieborná ekonomika ako nová výzva do budúcnosti pre Slovensko  |c Ivana Setnická, Jaroslava Szüdi 
520 |a Demografický vývoj a starnutie populácie na Slovensku. Seniori a potenciál striebornej ekonomiky v Slovenskej republike. Atraktívne výzvy pre investorov, ktoré by zvyšovali kvalitu života striebornej generácie a celej spoločnosti. 
610 2 0 |a ekonomika strieborná 
610 2 0 |a informácie sociálno-ekonomické 
610 2 0 |a investori 
610 2 0 |a skupiny vekové 
610 2 0 |a seniori 
610 2 0 |a problémy spoločenské 
610 2 0 |a kvalita života 
100 1 |a Setnická, Ivana 
700 1 |a Szüdi, Jaroslava